Tài liệu bồi dưỡng về quản lý hành chính nhà nước : Chương trình chuyên viên
Bộ tài liệu bồi dưỡng về quản lý hành chính nhà nước gồm: Phần I: Nhà nước và Pháp luật; Phần 2: Hành chính nhà nước và Công nghệ hành chính; Phần 3: Quản lý nhà nước đối với ngành, lĩnh vực. Bộ sách cung cấp thông tin về chức n...
Na minha lista:
| Autor principal: | |
|---|---|
| Formato: | Livro |
| Idioma: | Undetermined |
| Publicado em: |
Hà Nội
Khoa học và Kỹ thuật
2010
|
| Assuntos: | |
| Tags: |
Adicionar Tag
Sem tags, seja o primeiro a adicionar uma tag!
|
| Thư viện lưu trữ: | Trung tâm Học liệu Trường Đại học Cần Thơ |
|---|
| LEADER | 01413nam a2200241Ia 4500 | ||
|---|---|---|---|
| 001 | CTU_158719 | ||
| 008 | 210402s9999 xx 000 0 und d | ||
| 020 | |c 82500 | ||
| 082 | |a 351.597 | ||
| 082 | |b M125/P.3 | ||
| 100 | |a Đinh, Văn Mậu | ||
| 245 | 0 | |a Tài liệu bồi dưỡng về quản lý hành chính nhà nước : | |
| 245 | 0 | |b Chương trình chuyên viên | |
| 245 | 0 | |c Chủ biên: Đinh Văn Mậu, Lê Sỹ Thiệp, Nguyễn Trịnh Kiểm | |
| 260 | |a Hà Nội | ||
| 260 | |b Khoa học và Kỹ thuật | ||
| 260 | |c 2010 | ||
| 520 | |a Bộ tài liệu bồi dưỡng về quản lý hành chính nhà nước gồm: Phần I: Nhà nước và Pháp luật; Phần 2: Hành chính nhà nước và Công nghệ hành chính; Phần 3: Quản lý nhà nước đối với ngành, lĩnh vực. Bộ sách cung cấp thông tin về chức năng, vai trò, thẩm quyền của bộ máy hành chính nhà nước và về nguyên tắc, phương thức quản lý cũng như về nội dung quản lý nhà nước. | ||
| 650 | |a State management,Public administration | ||
| 650 | |x Administration in areas | ||
| 650 | |z Vietnam,Vietnam | ||
| 904 | |i HHTrang, Bạch Trúc | ||
| 980 | |a Trung tâm Học liệu Trường Đại học Cần Thơ | ||